रेलवे भर्ती बोर्ड परीक्षा हेतु रेलवे सामान्य विज्ञान1992-2019 (Record no. 62450)
[ view plain ]
| 000 -LEADER | |
|---|---|
| fixed length control field | 00510nam a22001577a 4500 |
| 003 - CONTROL NUMBER IDENTIFIER | |
| control field | macl |
| 005 - DATE AND TIME OF LATEST TRANSACTION | |
| control field | 20200318134449.0 |
| 008 - FIXED-LENGTH DATA ELEMENTS--GENERAL INFORMATION | |
| fixed length control field | 170328b xxu||||| |||| 00| 0 eng d |
| 040 ## - CATALOGING SOURCE | |
| Transcribing agency | macl |
| 082 ## - DEWEY DECIMAL CLASSIFICATION NUMBER | |
| Classification number | 385 |
| 100 ## - MAIN ENTRY--PERSONAL NAME | |
| Personal name | Kumar,Suchit |
| 9 (RLIN) | 66887 |
| 245 ## - TITLE STATEMENT | |
| Title | रेलवे भर्ती बोर्ड परीक्षा हेतु रेलवे सामान्य विज्ञान1992-2019 |
| 260 ## - PUBLICATION, DISTRIBUTION, ETC. (IMPRINT) | |
| Place of publication, distribution, etc. | Patna |
| Name of publisher, distributor, etc. | Speedy publication |
| Date of publication, distribution, etc. | 2019 |
| 650 ## - SUBJECT ADDED ENTRY--TOPICAL TERM | |
| Topical term or geographic name as entry element | Relway |
| 9 (RLIN) | 66888 |
| 942 ## - ADDED ENTRY ELEMENTS (KOHA) | |
| Source of classification or shelving scheme | |
| Koha item type | Hindi Books |
| Withdrawn status | Lost status | Source of classification or shelving scheme | Damaged status | Not for loan | Home library | Current library | Date acquired | Cost, normal purchase price | Total Checkouts | Full call number | Barcode | Date last seen | Date last checked out | Price effective from | Koha item type | Total Renewals |
|---|---|---|---|---|---|---|---|---|---|---|---|---|---|---|---|---|
| MACL | MACL | 18/03/2020 | 240.00 | 16 | 385 | GCLC00467 | 13/08/2024 | 28/07/2024 | 18/03/2020 | Hindi Books | ||||||
| MACL | MACL | 18/03/2020 | 240.00 | 14 | 385 | GCLC00469 | 14/12/2024 | 26/11/2024 | 18/03/2020 | Hindi Books | 1 | |||||
| MACL | MACL | 18/03/2020 | 240.00 | 5 | 385 | GCLC00468 | 26/02/2026 | 14/02/2026 | 18/03/2020 | Hindi Books |









